Liam Payne - Remember (All Lyrics) - Statistics

General Stats
  • This quiz has been taken 14 times
    12 since last reset
  • The average score is 327 of 385
Answer Stats
Answer % Correct
How
100%
I
100%
me
100%
much
100%
on?
100%
on
100%
so
100%
someone?
100%
someone
100%
to
100%
a
91%
at
91%
can
91%
can't
91%
do
91%
end
91%
for?
91%
gave
91%
it
91%
light
91%
love
91%
Maybe
91%
of
91%
remember?
91%
remember
91%
replace
91%
see
91%
still
91%
that
91%
the
91%
them?
91%
them
91%
tunnel
91%
was
91%
who
91%
you
91%
You
91%
Because
82%
changes?
82%
could
82%
(Everything)
82%
Everything's
82%
feelings
82%
forget
82%
get
82%
got
82%
hate
82%
hold
82%
inside
82%
makes
82%
mind
82%
misplaced
82%
my
82%
reminder
82%
they're
82%
under
82%
wasted?
82%
when
82%
Why
82%
your
82%
All
73%
(All
73%
all
73%
both
73%
but
73%
it's
73%
know
73%
not
73%
press
73%
reset
73%
strangers
73%
stuck
73%
sudden
73%
those
73%
top
73%
we
73%
We
73%
well
73%
Well
73%
were
73%
Wish
73%
you're
73%
and
64%
back
64%
easy
64%
floor
64%
Just
64%
just
64%
living
64%
mine
64%
room
64%
then
64%
Think
64%
think
64%
Thinking
64%
us
64%
what
64%
about
55%
chills?
55%
dancing
55%
hometown
55%
lights
55%
put
55%
say
55%
tell
55%
wanna
55%
will
55%
won't
55%
feet
45%
playing
36%
time)
36%
nights
9%
No matching quizzes found
Score Distribution
Percent of People with Each Score
Percentile by Number Answered
Your Score History
You have not taken this quiz since the last reset